000 00640nam a22001937a 4500
999 _c105831
_d105831
005 20210902103317.0
010 _aENG-117061 ENG-129817
020 _a9789386050434
_c499.00
035 _aEN-100593 EN-113349
037 _bDBAD/PUB
082 _a305.420954
245 _aGarrisoned minds :
_bwomen and armed conflict in South Asia/
_cedited by Laxmi Murthy [and] Mitu Varma
260 _aNew Delhi
_bSpeaking Tiger
_c2016
270 _a4381/4 Ansari Road,Daryaganj
_bNew Delhi
_e110002
300 _aviii,272p
_c22cm(pbk)
700 _aLaxmi Murthy
700 _a Varma, Mitu
942 _2ddc
_cEN
_h305.420954
_mGAR